Foraging activities of honey bee Apis cerana Indica F (Record no. 49631)

MARC details
000 -LEADER
fixed length control field 00317nam a2200121Ia 4500
100 ## - MAIN ENTRY--AUTHOR NAME
Personal name Jose V T
245 #0 - TITLE STATEMENT
Title Foraging activities of honey bee Apis cerana Indica F
260 ## - PUBLICATION, DISTRIBUTION, ETC. (IMPRINT)
Name of publisher Rubber Board Bulletin
Year of publication 2009
300 ## - PHYSICAL DESCRIPTION
Number of Pages 9-Apr
700 ## - ADDED ENTRY--PERSONAL NAME
Personal name Thankamony S
942 ## - ADDED ENTRY ELEMENTS (KOHA)
Koha item type Bibliography STAF
Holdings
Withdrawn status Lost status Damaged status Not for loan Home library Current library Shelving location Date acquired Serial Enumeration / chronology Koha item type
      Bibliography RRII Library RRII Library Crop protection 01/09/2009 Volume 29, Issue 3 Bibliography STAF